000 00479nam a2200145Ia 4500
008 100122s9999 xx 000 0 und d
082 _b55820
_a920
100 _aअवचट शरद श्री
245 _aपावला पुढलं पाऊल
260 _bसौभाग्य प्रकाशन
_c1998
300 _a356
630 _aपावला पुढलं पाऊल
730 _aपावला पुढलं पाऊल
942 _cBOOK
999 _c432356
_d432353